000 00352nam a22001457a 4500
003 OSt
005 20160727222448.0
008 160704b xxu||||| |||| 00| 0 eng d
040 _cTEST
100 _92001
_aSpring, N
245 _aAlaska Pioneer Slate
260 _aCan
_b Thomas Nelson & sons
_c1966
300 _aAlaska Pioneer Slate
942 _2ddc
_cBK
999 _c1702
_d1702